Uncertain demographics and fiscal sustainability
Αποθηκεύτηκε σε:
| Άλλοι συγγραφείς: | , , |
|---|---|
| Μορφή: | Βιβλίο |
| Γλώσσα: | English |
| Δημοσίευση: |
Cambridge :
Cambridge University Press,
c2008
|
| Θέματα: | |
| Ετικέτες: |
Προσθήκη ετικέτας
Δεν υπάρχουν, Καταχωρήστε ετικέτα πρώτοι!
|
MARC
| LEADER | 00000nam a2200000 i 4500 | ||
|---|---|---|---|
| 001 | 1/96667 | ||
| 008 | 081105s2008 eng d | ||
| 020 | |a 978-0-521-87740-4 | ||
| 035 | |l 10101426 | ||
| 040 | |a GR-MY-UA |b gre |e aacr | ||
| 041 | 0 | |a eng | |
| 082 | 0 | |a 336.3094 |2 (22) | |
| 245 | 1 | 0 | |a Uncertain demographics and fiscal sustainability / |c edited by Juha M. Alho, Svend E. Hougaard Jensen and Jukka Lassila |
| 260 | |a Cambridge : |b Cambridge University Press, |c c2008 | ||
| 300 | |a xvi, 282 σ.; |b σχ.; |c 23 εκ. | ||
| 504 | |a Περιλαμβάνει βιβλιογραφικές παραπομπές και ευρετήριο | ||
| 650 | 0 | 0 | |a Fiscal policy |z European Union countries |x Econometric models. |
| 650 | 0 | 0 | |a Population forecasting |z Europe |x Statistical methods. |
| 650 | 0 | 0 | |a Demography |z European Union countries |x Mathematical models. |
| 650 | 0 | 0 | |a Human services |x Finance |x Forecasting. |
| 700 | 1 | |a Alho, Juha. |4 edt | |
| 700 | 1 | |a Jensen, Svend E. Hougaard |d 1959- |4 edt | |
| 700 | 1 | |a Lassila, Jukka. |4 edt | |
| 852 | |a INST |b CHIOS |e 20081105 |h 336.3094 UNC |p 005200031070 |q 005200031070 |t BK |y 0 | ||
| 901 | |a BIBL2-2008-3 | ||
| 909 | |a Χ |b 153755 | ||
| 922 | |a 2ΕΛΗ |b 200809 |c ΕΠΕΑΕΚ2/ΤΔΕ |d Ι. ΜΙΧΑΛΟΠΟΥΛΟΣ | ||
| 970 | |a ΒΑΣΙΛΑΚΗ |b ΝΙΚΗ |z 2008/11/05 | ||